00417nam a2200133 a 45000010005000000030005000050050017000100080041000270400026000681100031000942450073001252600065001983000020002632590CDMR20130320111203.0130130s2008||||||||||||||||||||||||||||d aCDMRbcatcCPC LLEIDA1 aCatalunyab -- Generalitat10aLlibre blanc de la ràdio local públicacGeneralitat de Catalunya aBarcelonac2008bFederació de Ràdios Locals de Catalunya cInclou CDe1 CD